000 00737nam a22003017a 4500
001 BR9406743
003 BR-BrBNA
005 20230928094351.0
007 ta
008 230509b bl.||||| |||| 00| 0 por d
040 _aBR-BrBNA
_bpor
_cBiblioteca Nacional de Agricultura
041 _a(Por)
072 _aE70; E10
090 _ E70 BR9406743
100 1 _aHerdesson, H.
245 1 _aA oferta e a procura
260 3 _aRio de Janeiro, GB (Brasil):
_bZahar,
_c1960.
300 _a144 p.
650 _aTrabalho
650 _aCapital
650 _aTerra
650 _aOferta
650 _aConsumo
650 _aCusto de Producao
650 _aAnalise Economica
909 _a202309
_bLucia
_c55
_dLucia Elande
942 _cBK
999 _c50331
_d50331